[Event "LSS No Engine Cup 119 Preliminary 6"]
[Site "LSS email"]
[Date "2014.10.16"]
[Round "?"]
[White "Lauer, Fredric"]
[Black "Verich, Oleg"]
[Result "1-0"]
[WhiteElo "1004"]
[BlackElo "1009"]
[PlyCount "73"]
[EventDate "2014.10.17"]
[EventType "tourn (corr)"]
[EventRounds "6"]
[EventCountry "GER"]
[SourceTitle "Corr 2015"]
[Source "ChessBase"]
[SourceDate "2015.07.17"]
[SourceVersion "1"]
[SourceVersionDate "2015.07.17"]
[SourceQuality "1"]

1. e4 Nf6 2. e5 Nd5 3. d4 d6 4. Bc4 Nb6 5. Bb3 dxe5 6. Qh5 e6 7. dxe5 Be7 8. Nc3 c5 9. Be3 0-0 10. Rd1 Qe8 11. a3 Nc6 12. Ne4 f5 13. Qxe8 Rxe8 14. Nxc5 Bxc5 15. Bxc5 Nd7 16. Bd6 Ndxe5 17. Bxe5 Nxe5 18. Ne2 b6 19. Nd4 g6 20. 0-0 Kf7 21. Rfe1 Kf6 22. f4 Nf7 23. c3 Nd8 24. Nb5 Nf7 25. Nc7 Bb7 26. Nxa8 Bxa8 27. Rd7 a5 28. g3 Be4 29. Ba4 Re7 30. Rxe7 Kxe7 31. Kf2 Nd6 32. b4 axb4 33. axb4 Nc4 34. Bb3 Nb2 35. Ke3 Kf6 36. Re2 Nd3 37. Bc4 1-0

[Event "LSS No Engine Cup 119 Preliminary 6"]
[Site "LSS email"]
[Date "2014.10.16"]
[Round "?"]
[White "Tsirakovsky, Sergey"]
[Black "Lauer, Fredric"]
[Result "1-0"]
[WhiteElo "1754"]
[BlackElo "1004"]
[PlyCount "25"]
[EventDate "2014.10.17"]
[EventType "tourn (corr)"]
[EventRounds "6"]
[EventCountry "GER"]
[SourceTitle "Corr 2015"]
[Source "ChessBase"]
[SourceDate "2015.07.17"]
[SourceVersion "1"]
[SourceVersionDate "2015.07.17"]
[SourceQuality "1"]

1. e4 e6 2. d4 d5 3. Nc3 Nf6 4. Bg5 Be7 5. e5 Nfd7 6. Bxe7 Qxe7 7. f4 0-0 8. Nf3 c5 9. Bd3 cxd4 10. Bxh7+ Kxh7 11. Ng5+ Kg6 12. Qg4 f5 13. Qh4 1-0